Normal view
MARC view
- Linstromberg, Walter William
Entry Personal Name
001 - CONTROL NUMBER
- control field: 99995
003 - CONTROL NUMBER IDENTIFIER
- control field: NUST
005 - DATE AND TIME OF LATEST TRANSACTION
- control field: 20221012115534.0
008 - FIXED-LENGTH DATA ELEMENTS
- fixed length control field: 221012|| aca||aabn | a|a d
040 ## - CATALOGING SOURCE
- Original cataloging agency: NUST
- Transcribing agency: NUST
100 ## - HEADING--PERSONAL NAME
- Personal name: Linstromberg, Walter William
670 ## - SOURCE DATA FOUND
- Source citation: Work cat.: (NUST)183641: Linstromberg, Walter William,, Organic chemistry;, [1974]
